SPOLOK SLOVENSKÝCH LEKÁROV V BRATISLAVE

Bibliographic Details
Main Author: Nikš, Milan, 1927-1979 (Author)
Format: Article
Language:Slovak

MARC

LEADER 00000nab a2200000ua 4500
001 vtls010757440
003 SK-MaSNL
005 20260305001713.0
008 250718s1955 xo |||||||||||||||||slo|
035 |a (urnnbn)urn:nbn:sk:snk:ar-a03huu 
035 |a (uuid)53a47491-ccbe-4bda-a8d0-bf3ba0eae7ac 
035 |a urn:nbn:sk:snk-ab5a5d 
040 |a SNKBUCL  |b slo  |c SNKBUCL  |e AACR2 
041 0 |a slo 
044 |a xo  |c SK 
100 1 |a Nikš, Milan,  |d 1927-1979  |4 aut  |9 259070 
245 1 0 |a SPOLOK SLOVENSKÝCH LEKÁROV V BRATISLAVE  |c Nikš 
773 0 |t Bratislavské lekárske listy  |g Roč. 35, č. 6 (1955), s. 345-[349] 
850 |a Slovenská národná knižnica 
852 |a Slovenská národná knižnica 
954 |a odborná, vedecká literatúra pôvodná (slovenská)  |2 lita 
958 |a article3 
958 |a OND 
958 |a EUIPO 
999 |c 3220813  |d 3222743